MDQL
is popping MORE tags! Check the
thread
!
Quizzes
Events
Quiz Creation
Community
Videos
Private Events
Remove Ads
Sign In
Join for FREE
Feedback
Dark Mode
Quiz Categories
Sports
Geography
Music
Movies
Television
Just For Fun
Miscellaneous
History
Literature
Language
Science
Gaming
Entertainment
Religion
Holiday
For Kids
Quiz Lab
Recent
Popular Today
Quiz Kudos Today
Editor Picks
Curator Picks
Quizzes by...
Day
Popularity
Type
Ratings
Length
Year
Community
Subscriptions
Recent Discussions
Orange Saloon
Badges
Playlists
Quests
Create
Leaderboards
Showdown
Live 5
Trivia Bingo
Activity
Puzzle Library
Sporcle Events
Private Events
Virtual Trivia
Globe League
Become a Host
Pub Owners
SporcleCon
Opinionation
Our Games
Videos
Blog
Mobile Apps
Partnerships
Remove Ads and Go Orange
Feedback
Gaming
Video Games
Board Games
Card Games
Pokémon
Mario
Nintendo
Minecraft
Console
Toys
Legend of Zelda
Gaming
Video Games
Board Games
Card Games
Pokémon
Mario
Nintendo
Minecraft
Console
Toys
Legend of Zelda
Random Quiz
Search Sporcle
×
Quiz Lab
Quiz Lab
Gaming
Pokémon
Type in answers that appear in a list
Type in answers that appear in a list
Classic
Best Score? Go Orange.
Grass-type Pokemon Stats
Can you name the Grass-type Pokemon?
By
JuneY
5m
55 Questions
415 Plays
415 Plays
415 Plays
Comments
Comments
Give Quiz Kudos
Give Quiz Kudos
-
- Ratings
hide this ad
Replay
Link that replays current quiz
Next Quiz
Link to next quiz in quiz playlist
You Got
0%
They Got
Avg Score
58%
Avg Friend Score
Upgrade to see
Score Distribution
Jump to the score distribution portion of the page
Score
0/55
Timer
05:00
0
Plays Today
% Correct
Bulbasaur
96.4%
Ivysaur
94.9%
Venusaur
92.8%
Oddish
87%
Gloom
86.7%
Vileplume
85.3%
Bellsprout
82.9%
Weepinbell
81.6%
Chikorita
73.4%
Bayleef
72%
Treecko
69.6%
Meganium
69.3%
Paras
69.1%
Parasect
68.8%
Grovyle
67.9%
Sceptile
66.9%
Turtwig
66.9%
Tangela
66.4%
Torterra
63.5%
Lotad
63%
Ludicolo
62.1%
Hoppip
61.8%
Lombre
61.6%
Jumpluff
60.9%
Exeggcute
60.6%
Skiploom
60.1%
Tropius
60.1%
Exeggutor
59.7%
% Correct
Grotle
59.7%
Shiftry
58.7%
Nuzleaf
58.2%
Seedot
57.7%
Bellossom
57.5%
Abomasnow
56.5%
Snover
51.9%
Breloom
51.2%
Celebi
48.6%
Shroomish
48.6%
Roselia
47.8%
Roserade
46.4%
Tangrowth
46.1%
Budew
45.7%
Leafeon
45.2%
Cradily
42.5%
Cacnea
42%
Cacturne
42%
Shaymin
41.5%
Shaymin
41.5%
Lileep
41.1%
Sunflora
40.3%
Sunkern
40.1%
Carnivine
30.9%
Cherubi
29.7%
Cherrim
29.5%
Wormadam
26.1%
Quiz Playlist
Details
Report
Send in Message
Add To Playlist
Classic:
Type in answers that appear in a list
Last Updated: Aug 21, 2017
Quiz Scoreboard
CHALLENGE
Sign Up to Join the Scoreboard
Show All
Scores
Hide
Comments
May contain spoilers
Recently Published
Image Sorting: Flags VI
by Barbecue
Geography
2m
Find the 'City' Movie
by crazypaving
Movies
60s
Colored Red Africa Blitz
by spor1
Geography
45s
More to Explore
Quiz From the Vault
Featured Blog Post
14 Easter Pick-up Lines to Find Eggs With
hide this ad
You Might Also Like...
Tags
Pokémon Quiz
Grass Pokémon
Today's Top Quizzes in Gaming
Browse Gaming
hide this ad
Today's Top Quizzes in Pokémon
Browse Pokémon
Top Contributed Quizzes in Gaming
1
League of Legends Pro Players by Career/Team History
2
Destiny 2 exotic weapons by perk icons
3
Genshin murder mystery
4
Dead By Daylight Logic Puzzle
5
Genshin Impact Logic Puzzle
6
Overwatch Logic Puzzle
7
4x4 Decades: Video Games
8
Who's on the WWE 2K24 Cover?
9
Overwatch 2: Ultimate Ability Icons
10
Valorant Agent Developer Names (Up to Clove)
Explore More
Trending Topics
Crossword
Marvel
Harry Potter
Anime
Kpop
Disney
NBA
Song
Puzzle
WWE
Pokémon
Soccer
Country
The Office
NFL
hide this ad
More By:
JuneY
Quiz
Plays
Rating
Category
Featured
Created
Grass-type Pokemon
415
2.50
Gaming
Oct 6, 2009
Pokemon Ash Owned
184
Gaming
Feb 23, 2010
Go to Creator's Profile
Score Distribution
Quiz Creator Spotlight
JuneY
Follow
Send a Message
Quizzes Created
-
Created Quiz Play Count
-
More By This Creator
Popular Quizzes Today
1
Colored Red Africa Blitz
2
Find the US States - No Outlines Minefield
3
Find the 'City' Movie
4
5x2 Blitz: Bands
5
The Countries of the World
6
Find the US States
7
Find the Countries of Europe - No Outlines Minefield
8
US States
More Gaming Quizzes
Game and Toy Patents
Published
Trending Quizzes
Colored Red Europe Blitz I
Colored Red Europe Blitz II
Colored Red Africa Blitz II
Colored Red Europe Blitz III
Colored Red Africa Blitz III
Recently Updated
How Do You Spell That?
pecheneg
Godzilla Movies
pecheneg
Grab Bag: 4-10 Letters
pecheneg
2024 March Madness Bracket
pecheneg
Famous TV Couples
Peacemaker
Champions League XIs: Real Madrid
pecheneg
Largest US Cities 1790-2010
pecheneg
Rides in Walt Disney World
pecheneg
Most Oscar Losses (Acting)
pecheneg
Beyoncé Albums
pecheneg
Trending Topics
Disney
NBA
Anime
Harry Potter
Kpop
Marvel
Crossword
Puzzle
Song
NFL
WWE
The Office
Pokémon
Soccer
Country
Your Account Isn't Verified!
In order to create a playlist on Sporcle, you need to verify the email address you used during registration. Go to your
Sporcle Settings
to finish the process.
Report this User
Report this user for behavior that violates our
Community Guidelines
.
Details:
Send Report
Go to the Sporcle.com Mobile Site →
Comments